000 00278nam a2200121Ia 4500
008 190216s9999||||xx |||||||||||||| ||und||
100 _aGanguly A K
245 0 _aGenaeral Botany
260 _bNew Central Book Agencies
_c1975
300 _a617p
650 _aBotany
942 _cBK
999 _c1221
_d1221